00648nam a2200181 a 4500008004100000020001500041050001900056100001600075245001300091246004800104250001200152260002500164300002100189350000900210995009600219999001700315952013400332120416s1993 ||||||||||||||||| || u a0340560436 aTA 455.P58 Mil aMills, N. J10aPlastics amicrostructure and engineering applications a2nd ed. aLondonbArnoldc1993 axi, 377p. : ill. a0.00 D0.00FCBU-MAIN LIBRARY (Kitwe)H1I30.00M1UAVAILABLEZMain Library Open Access Collection c53786d53786 00102lcc4070a001b001cMain Library Open Access Collectiond2022-11-30l0oTA 455.P58 Milp47801r2022-11-30w2022-11-30y002